000 00541nam a2200193Ia 4500
005 20250508160759.0
008 008 250505s9999 xx 000 0 eng d
037 _aTextual
040 _aFEDL
_beng
_cFEDL
041 _aeng
_2eng
084 _a657.42, WHE
_qFEDL
100 _aOwler L W J
_9769349
245 0 _aWheldon's cost accounting and costing methods
250 _a12th
260 _aLondon, UK
_bMacdonald and Evans Limited
_c1973
300 _a688p.
942 _cTEXL
_h657.42, WHE
999 _c1366591
_d1366591